L'heritage cartesien dans la philosophie italienne du XXème siècle
Elmentve itt :
| Szerző: | |
|---|---|
| Dokumentumtípus: | Könyv része |
| Megjelent: |
1996
|
| Sorozat: | Ész, élet, egzisztencia
A kartezianizmus négyszáz éve = Four hundred years of Cartesianism = Quatre siecles de Cartésianisme |
| Kulcsszavak: | Filozófia - olasz - 20. sz., Kartezianizmus |
| Tárgyszavak: | |
| Online Access: | http://acta.bibl.u-szeged.hu/9467 |
| LEADER | 00854naa a2200217 i 4500 | ||
|---|---|---|---|
| 001 | acta9467 | ||
| 005 | 20211215101325.0 | ||
| 008 | 161015s1996 hu o 0|| fre d | ||
| 022 | |a 0866-028X | ||
| 040 | |a SZTE Egyetemi Kiadványok Repozitórium |b hun | ||
| 041 | |a fre | ||
| 100 | 1 | |a Szabó Tibor | |
| 245 | 1 | 0 | |a L'heritage cartesien dans la philosophie italienne du XXème siècle |h [elektronikus dokumentum] / |c Szabó Tibor |
| 260 | |c 1996 | ||
| 300 | |a 228-234 | ||
| 490 | 0 | |a Ész, élet, egzisztencia | |
| 490 | 0 | |a A kartezianizmus négyszáz éve = Four hundred years of Cartesianism = Quatre siecles de Cartésianisme | |
| 650 | 4 | |a Bölcsészettudományok | |
| 650 | 4 | |a Filozófia, etika és vallástudományok | |
| 695 | |a Filozófia - olasz - 20. sz., Kartezianizmus | ||
| 856 | 4 | 0 | |u http://acta.bibl.u-szeged.hu/9467/1/esz_005_228-234.pdf |z Dokumentum-elérés |